LEADER 01113nam0 22002891i 450 001 UON00119372 005 20231205102710.561 100 $a20020107d1975 |0itac50 ba 101 $aeng 102 $aIN 105 $a|||| 1|||| 200 1 $aCaste in India$ethe facts and the system$fEmile Senart$gtranslated by E. Denison Ross 210 $aDelhi$cEss Ess Publications$d1975 215 $aXXIII, 220 p.$d21 cm 606 $aCASTE$xIndia$3UONC001158$2FI 620 $aIN$dNew Delhi$3UONL000110 686 $aSI XIII$cSUBCONT. INDIANO - SOCIOLOGIA$2A 700 1$aSENART$bEmile$3UONV002837$0193915 702 1$aROSS$bE. Denison$3UONV017428 712 $aEss Ess Publications$3UONV249902$4650 790 1$aDENISON ROSS, E.$zROSS, E. Denison$3UONV017429 801 $aIT$bSOL$c20240220$gRICA 899 $aSIBA - SISTEMA BIBLIOTECARIO DI ATENEO$2UONSI 912 $aUON00119372 950 $aSIBA - SISTEMA BIBLIOTECARIO DI ATENEO$dSI SI XIII 033 $eSI SA 3781 5 033 996 $aCaste in India$91317028 997 $aUNIOR